00510nam a2200181Ia 4500001001000000003000500010008004100015010001100056040000900067082002000076110003900096245008300135260001900218300001100237440003100248650003000279650001900309Para_6433CHAP220125s1965 xx 000 0 und d a205173 cCHAP aPA 621.3125 I59 aInternational Atomic Energy Agency aRadioisotopes and ionizing radiations in entomology ( 1961-1963 ) /c by IAEA aViena :b IAEA a564 p. aBibliographical series; 15 aEntomología económica aRadioisotopos